Amphibians of Peninsular India (Record no. 248052)

MARC details
000 -LEADER
fixed length control field 00289pam a2200121 a 4500
020 ## - INTERNATIONAL STANDARD BOOK NUMBER
Terms of availability
041 ## - LANGUAGE CODE
Language code of original
100 ## - MAIN ENTRY--PERSONAL NAME
Personal name Ranjit R.J . Daniels .
245 ## - TITLE STATEMENT
Title Amphibians of Peninsular India
Medium Textual Documents
260 ## - PUBLICATION, DISTRIBUTION, ETC.
Place of publication, distribution, etc. [s.l]:
Name of publisher, distributor, etc. University press in India
300 ## - PHYSICAL DESCRIPTION
Extent 267.
930 ## - EQUIVALENCE OR CROSS-REFERENCE-UNIFORM TITLE HEADING [LOCAL, CANADA]
Uniform title 2201
Holdings
Withdrawn status Lost status Damaged status Not for loan Collection Home library Current library Date acquired Cost, normal purchase price Total Checkouts Full call number Barcode Date last seen Copy number Price effective from Koha item type
          Institute of Environment Education & Research, Pune Institute of Environment Education & Research, Pune 21/03/2016 315.00   EVP-P348 03/04/2023 1 03/04/2023 Book